Unit 3 Ecclesiastical Latin Vocab - Statistics

General Stats
  • This quiz has been taken 61 times
  • The average score is 19 of 28
Answer Stats
Latin English % Correct
verbum, verbī, n. word
97%
rēgīna, rēgīnae, f. queen
94%
hymnus, hymnī, m. hymn
91%
testāmentum, testāmentī, n. covenant, testament
88%
mystērium, mystēriī, n. mystery
88%
sacrificium, sacrificiī, n. sacrifice
85%
ūniversum, ūniversī, n. universe
85%
liber, librī, m. book
82%
caelum, caelī, n. (nom. pl. caelī) heaven, sky
79%
sabbatum, sabbatī, n. Sabbath
79%
vīnum, vīnī, n. wine
76%
peccātum, peccātī, n. sin
73%
rēgnum, rēgnī, n. kingdom, rule
70%
vir, virī, m. man, husband
70%
chorus, chorī, m. choir
67%
canticum, canticī, n. song, canticle
67%
fēstum, fēstī, n. feast, feast-day
64%
gaudium, gaudiī, n. joy
64%
dōnum, dōnī, n. gift
61%
in saecula (saeculōrum) forever (and ever)
58%
Evangelium, Evangeliī, n. Good News, Gospel
58%
odium, odiī, n. hatred
55%
hīc (adv.) here, in this place
52%
ibi (adv.) there, in that place; then
48%
saeculum, saeculī, n. age, world
45%
praeceptum, praeceptī, n. lesson, precept; command
45%
vitium, vitiī, n. fault, sin, vice
27%
praemium, praemiī, n. reward
18%
No matching quizzes found
Score Distribution
Percent of People with Each Score
Percentile by Number Answered
Your Score History
You have not taken this quiz